000 00950nam a22002537a 4500
003 UA-OsUOA
001 29152
007 ta
008 20040930b un ||||| |||| 00| 0 ukr d
100 _aВорожбицкая И. И.
700 _aГоробецкая Э. С.
700 _aЛазаренко Р. А.
090 _a811.161.1(075)
_bР89
942 _cBK
040 _aUA-OsUOA
_brus
_cUA-OsUOA
_dUA-OsUOA
245 _aРусский язык. Пособие для факультативного курса
_bучебное пособие для сред. спец. учеб. заведений
_cИ. И. Ворожбицкая , Э. С. Горобецкая, Р. А. Лазаренко; Ред. А. В. БарандееваРед. А. В.Барандеева
300 _a399 с.
955 _a0
041 _arus
080 _a811.161.1(075)
260 _aМосква
_bВысшая школа
_c1987
044 _aRU
650 7 _2UDC
999 _c315533
_d315533